| 000 | 00384nam a2200157Ia 4500 | ||
|---|---|---|---|
| 008 | 180921t xxu||||| |||| 00| 0 sin d | ||
| 041 | _asin | ||
| 080 |
_a635 _bVAG |
||
| 245 | _aගෙවතු වගාව | ||
| 246 | _aGevathu vagava | ||
| 300 | _a20p., 10 cm | ||
| 650 |
_aAgriculture _aHome gardening |
||
| 942 | _cBK | ||
| 999 |
_c18418 _d18418 |
||
| 003 | LK-CoDNM | ||
| 040 |
_aLK-CoDNM _dLK-CoDNM _eLK-CoDNM |
||